Personnel Management (Record no. 3180)

MARC details
000 -LEADER
fixed length control field 00415nam a22001697a 4500
005 - DATE AND TIME OF LATEST TRANSACTION
control field 20180801155708.0
008 - FIXED-LENGTH DATA ELEMENTS--GENERAL INFORMATION
fixed length control field 160618b xxu||||| |||| 00| 0 eng d
020 ## - INTERNATIONAL STANDARD BOOK NUMBER
ISBN 0-07-462264-1
041 ## - LANGUAGE CODE
Language code of text/sound track or separate title eng
082 ## - DEWEY DECIMAL CLASSIFICATION NUMBER
Item number 8300
Classification number 658.3
100 ## - MAIN ENTRY--AUTHOR NAME
Personal name Monappa, Arun and Saiyadain, Merza S
245 ## - TITLE STATEMENT
Title Personnel Management
260 ## - PUBLICATION, DISTRIBUTION, ETC. (IMPRINT)
Name of publisher TMH
Year of publication 2004
Place of publication delhi
300 ## - PHYSICAL DESCRIPTION
Number of Pages 400p,
650 ## - SUBJECT ADDED ENTRY--TOPICAL TERM
Topical Term Management
942 ## - ADDED ENTRY ELEMENTS (KOHA)
Koha item type Books
Holdings
Lost status Damaged status Collection code Home library Current library Shelving location Date acquired Cost, normal purchase price Full call number Accession Number Koha item type
    MANAGEMENT JRU Library JRU Library SHELF-62 -A 18/06/2016 135.00 658.3 8300 Books
    MANAGEMENT JRU Library JRU Library SHELF-62 -A 18/06/2016 135.00 658.3 8301 Books
    MANAGEMENT JRU Library JRU Library SHELF- 68 A 18/06/2016 135.00 658.3 8302 Books
    MANAGEMENT JRU Library JRU Library SHELF-62 -A 18/06/2016 135.00 658.3 8303 Books
    MANAGEMENT JRU Library JRU Library SHELF-62 -A 18/06/2016 135.00 658.3 8304 Books
    MANAGEMENT JRU Library JRU Library SHELF-62 -A 18/06/2016 135.00 658.3 8305 Books
    MANAGEMENT JRU Library JRU Library SHELF-30-F 18/06/2016 135.00 658.3 8306 Books
    MANAGEMENT JRU Library JRU Library SHELF-62 -A 18/06/2016 135.00 658.3 8307 Books
    MANAGEMENT JRU Library JRU Library SHELF-62 -A 18/06/2016 135.00 658.3 8308 Books
    MANAGEMENT JRU Library JRU Library SHELF-30-F 22/12/2023   8300 658.3   Books